LEADER 00848nam0-22003011i-450- 001 990000305370403321 005 20001010 035 $a000030537 035 $aFED01000030537 035 $a(Aleph)000030537FED01 035 $a000030537 100 $a20001010d--------km-y0itay50------ba 101 0 $aita 105 $ay-------001yy 200 1 $aGuida alla analisi chimica qualitativa dei corpi inorganici.$fG. Stadeler, H. Kolbe 210 $aRoma$cE. Loescher$d1874 215 $a40 p., ill., 24 cm 676 $a545 700 1$aStadeler,$bG.$016724 702 1$aKolbe,$bHermann 801 0$aIT$bUNINA$gRICA$2UNIMARC 901 $aBK 912 $a990000305370403321 952 $a04 081-86$bCI$fDINCH 959 $aDINCH 996 $aGuida alla analisi chimica qualitativa dei corpi inorganici$9128834 997 $aUNINA DB $aING01 LEADER 01393nam 2200421 450 001 000007275 005 20050718115200.0 010 $a0-521-43521-8$b(paperback) 010 $a0-521-43517-X$b(hardback) 100 $a20010206d1994----km-y0itay0103----ba 101 0 $aeng 102 $aGB 200 1 $aSoil ecology$fKen Killham$gwith electron micrographs by Ralph Foster 210 $aCambridge$cCambridge University Press$d1994 215 $aXVIII, 242 p.$cill.$d23 cm. 606 $aEcologia$xSuolo 606 $aGeochimica 606 $aPedologia 676 $a574.526404$v(20. ed.)$9Biologia. Suolo 700 1$aKillham,$bKen$0310867 702 $aFoster,$bRalph 801 0$aIT$bUniversità della Basilicata - B.I.A.$gRICA$2unimarc 912 $a000007275 996 $aSoil ecology$974874 997 $aUNIBAS BAS $aMONAGR BAS $aMONOGR BAS $aAGRARIA CAT $aTORRE$b20$c20010206$lBAS01$h1236 CAT $aTORRE$b20$c20010213$lBAS01$h0939 CAT $aTORRE$b20$c20010213$lBAS01$h0940 CAT $c20050601$lBAS01$h1754 CAT $abatch$b01$c20050718$lBAS01$h1049 CAT $c20050718$lBAS01$h1108 CAT $c20050718$lBAS01$h1138 CAT $c20050718$lBAS01$h1152 FMT Z30 -1$lBAS01$LBAS01$mBOOK$1BASA2$APolo Tecnico-Scientifico$2DID$BDidattica$3PTS.s2.p17.15$683406$5A83406$820010206$f04$FPrestabile Didattica